000 00557nam a2200205Ia 4500
003 SISC
005 20181121072011.0
008 181119s9999 xx 000 0 und d
020 _a9781740593465
050 _aDS 674.B2
_b.D153 2003
100 _aDaly, Kate
245 _aBali /
_cKate Daly
260 _aMelbourne :
_bLonely Planet Publication
_c2003
300 _a368 pages :
_bcol. illustration ;
_c19 cm.
500 _aIncludes index
650 _aIndonesia -- Bali Island
650 _aIndonesia -- Lombok
942 _2lcc
_cBK
999 _c359444
_d359444